| 000 | 00962cam a22003258a 4500 | ||
|---|---|---|---|
| 001 | 16108510 | ||
| 003 | OSt | ||
| 005 | 20140310182707.0 | ||
| 008 | 100226s2001 mau 000 0 eng | ||
| 010 | _a 2010004857 | ||
| 020 | _a9814024635 | ||
| 040 |
_aDLC _cDLC _dDLC |
||
| 050 | 0 | 0 |
_aTA 540 _b.W218 1998 |
| 082 | 0 | 0 |
_aM 519.5 _bW16 1998 |
| 245 | 0 | 0 |
_aProbability and statistics for engineers and scientists / _cWalpole, Ronald E. |
| 250 | _a9th ed. | ||
| 260 |
_aPhilippines : _bPrentice Hall, _c1998 |
||
| 263 | _a1101 | ||
| 300 | _ap. cm. | ||
| 521 | _aHigh School to College Student | ||
| 526 | _c0L to 1700L | ||
| 541 | _j1 | ||
| 562 | _efor circulation. 1 copy available in the collection | ||
| 650 | 0 |
_aEngineering _xStatistical methods. |
|
| 650 | 0 | _aProbabilities. | |
| 700 | 1 | _aWalpole, Ronald E. | |
| 906 |
_a7 _brix _corignew _d1 _eecip _f20 _gy-gencatlg |
||
| 942 |
_2lcc _cBK _kM |
||
| 999 |
_c15219 _d15219 |
||